|
|
|
|
| LEADER |
00000naa2a2200000 4500 |
| 001 |
630888 |
| 005 |
20251205135934.0 |
| 035 |
|
|
|a (RuTPU)RU\TPU\conf\32451
|
| 035 |
|
|
|a RU\TPU\conf\32450
|
| 090 |
|
|
|a 630888
|
| 100 |
|
|
|a 20200131d2019 k y0rusy50 ba
|
| 101 |
0 |
|
|a eng
|
| 102 |
|
|
|a RU
|
| 135 |
|
|
|a drgn ---uucaa
|
| 181 |
|
0 |
|a i
|
| 182 |
|
0 |
|a b
|
| 200 |
1 |
|
|a Electrospark method of obtaining nanopowders
|f G. E. Kholodnaya [et al.]
|
| 203 |
|
|
|a Текст
|c электронный
|
| 300 |
|
|
|a Заглавие с титульного экрана
|
| 320 |
|
|
|a [Библиогр.: с. 263 (2 назв.)]
|
| 463 |
|
1 |
|0 (RuTPU)RU\TPU\conf\32407
|t Gas Discharge Plasmas and Their Applications (GDP 2019)
|o 14th International Conference, September 15–21, 2019, Tomsk, Russia
|o abstracts
|f National Research Tomsk Polytechnic University (TPU) ; eds. Yu. D. Korolev, N. N. Koval
|v [С. 263]
|d 2019
|
| 610 |
1 |
|
|a электронный ресурс
|
| 610 |
1 |
|
|a труды учёных ТПУ
|
| 610 |
1 |
|
|a электроискровой метод
|
| 610 |
1 |
|
|a нанопорошки
|
| 610 |
1 |
|
|a энергосбережение
|
| 610 |
1 |
|
|a наноматериалы
|
| 610 |
1 |
|
|a синтез
|
| 610 |
1 |
|
|a металлические нанокомпозиты
|
| 610 |
1 |
|
|a генераторы
|
| 701 |
|
1 |
|a Kholodnaya
|b G. E.
|c electrophysicist
|c Associate Scientist of Tomsk Polytechnic University, candidate of technical Sciences
|f 1986-
|g Galina Evgenievna
|3 (RuTPU)RU\TPU\pers\32699
|9 16585
|
| 701 |
|
1 |
|a Sazonov
|b R. V.
|c physicist
|c senior researcher of Tomsk Polytechnic University, candidate of physico-mathematical Sciences
|f 1984-
|g Roman Vladimirovich
|3 (RuTPU)RU\TPU\pers\32698
|9 16584
|
| 701 |
|
1 |
|a Zhuravlev
|b M. V.
|c physicist
|c Researcher of Tomsk Polytechnic University, Candidate of Technical Sciences
|f 1986-
|g Mikhail Valerievich
|y Tomsk
|3 (RuTPU)RU\TPU\pers\34637
|9 17999
|
| 701 |
|
1 |
|a Ponomarev
|b D. V.
|c physicist
|c Senior researcher of Tomsk Polytechnic University, Candidate of technical sciences
|f 1981-
|g Denis Vladimirovich
|3 (RuTPU)RU\TPU\pers\32702
|9 16588
|
| 801 |
|
2 |
|a RU
|b 63413507
|c 20200203
|g RCR
|
| 856 |
4 |
|
|u http://earchive.tpu.ru/handle/11683/57757
|z http://earchive.tpu.ru/handle/11683/57757
|
| 942 |
|
|
|c CF
|